Normal view
MARC view
- Ahmed, Waqar
Entry Personal Name
001 - CONTROL NUMBER
- control field: 17475
003 - CONTROL NUMBER IDENTIFIER
- control field: NUST
005 - DATE AND TIME OF LATEST TRANSACTION
- control field: 20190712095141.0
008 - FIXED-LENGTH DATA ELEMENTS
- fixed length control field: 190712|| aca||aabn | a|a d
040 ## - CATALOGING SOURCE
- Original cataloging agency: NUST
- Transcribing agency: NUST
100 ## - HEADING--PERSONAL NAME
- Personal name: Ahmed, Waqar
670 ## - SOURCE DATA FOUND
- Source citation: Work cat.: (NUST): Ahmed, Waqar, Development And Analysis of Steering Mechanism for Multi - Axle Wheeled Vehicles /, 2018.
